000
00244nam a2200097Ia 4500
001
1252108
005
20251031150928.0
008
251031s9999 xx 000 0 und d
245
0
_c
AHMET ÜMİT
_a
Ş-4 OLMAYAN ÜLKE
260
_b
EVEREST YAYINLARI
999
_c
1252108
_d
1252108